000 00205nam a2200109Ia 4500
100 _aPATTERSON R.NORTH
942 _cBK
245 _aDEGREE OF GUILT.
260 _b#N/A
546 _aENGLISH
999 _c20102
_d20102